Normal view
MARC view
- العقود المسماة -- مصر-- العقود المسماة -- لبنان -- العقود (قانون مدني) -- مصر-- العقود (قانون مدني) -- لبنان -- القانون المدني المقارن
Entry Topical Term
001 - CONTROL NUMBER
- control field: 36996
003 - CONTROL NUMBER IDENTIFIER
- control field: JO-AjAnu
005 - DATE AND TIME OF LATEST TRANSACTION
- control field: 20230606080155.0
008 - FIXED-LENGTH DATA ELEMENTS
- fixed length control field: 230606|| aca||aabn | a|a d
040 ## - CATALOGING SOURCE
- Original cataloging agency: JO-AjAnu
- Transcribing agency: JO-AjAnu
150 ## - HEADING--TOPICAL TERM
- Topical term or geographic name entry element: العقود المسماة -- مصر-- العقود المسماة -- لبنان -- العقود (قانون مدني) -- مصر-- العقود (قانون مدني) -- لبنان -- القانون المدني المقارن
670 ## - SOURCE DATA FOUND
- Source citation: Work cat.: (JO-AjAnu)18987: سلطان، أنور سليم , author 36995, العقود المسماة : شرح عقدي البيع والمقايضة : دراسة مقارنة في القانونين المصري واللبناني